Krásnu Hôrku otvoria najskôr v roku 2017 náklady sa šplhajú na 15 miliónov

Bibliographic Details
Format: Article
Language:Slovak
PhysicalDescription:Fotogr.
ISSN:1338-659X
Subjects:
Online Access:http://roznava.korzar.sme.sk/c/7666473/hrad-krasna-horka-planuju-otvorit-najskor-az-v-roku-2017.html

MARC

LEADER 00000nab a2200000 a 4500
001 vtls010664386
003 SK-MaSNL
005 20260305040515.0
008 150330c20150226xo dr| 0 0slo
038 |a RVGKPD 
040 |a RVGKPD  |b slo  |c RVGKPD  |e AACR2 
041 |a slo 
044 |a xo  |c SK 
080 |a 728.81  |2 2008 
245 0 0 |a Krásnu Hôrku otvoria najskôr v roku 2017  |b náklady sa šplhajú na 15 miliónov  |c [autor] (sita) 
246 3 |a rad Krásna Hôrka plánujú otvoriť najskôr až v roku 2017 [elektronický zdroj] 
300 |b Fotogr. 
610 2 7 |a Krásna Hôrka (Krásnohorské Podhradie, Slovensko : hrad)  |2 rvgkpd  |9 31335 
650 0 7 |a rekonštrukcie  |2 rvgkpd  |9 24616 
651 7 |a Krásnohorské Podhradie (Slovensko)  |2 rvgkpd  |9 26876 
651 7 |a Rožňava (Slovensko : okres)  |2 rvgkpd  |9 19215 
773 0 |t Korzár : denník Košického kraja  |g Roč. XVIII, č. 47 (26.2.2015), s. 5  |x 1338-659X 
852 |a RVGKPD  |b KIS3G 
856 4 1 |u http://roznava.korzar.sme.sk/c/7666473/hrad-krasna-horka-planuju-otvorit-najskor-az-v-roku-2017.html 
992 |a RBX 
999 |c 3338749  |d 3340679